Methodological issues in science and technology policy research : (Record no. 8228)

MARC details
000 -LEADER
fixed length control field 00785nam a22002292 4500
001 - CONTROL NUMBER
control field 0000012223
005 - DATE AND TIME OF LATEST TRANSACTION
control field 20151217152109.0
008 - FIXED-LENGTH DATA ELEMENTS--GENERAL INFORMATION
fixed length control field 090217s xx 000 0 eng d
020 ## - INTERNATIONAL STANDARD BOOK NUMBER
International Standard Book Number 9966916121 :
040 ## - CATALOGING SOURCE
Original cataloging agency KABU
Transcribing agency KABU
100 1# - MAIN ENTRY--PERSONAL NAME
Personal name Adeboye, Titus.
-- 0000168480
245 10 - TITLE STATEMENT
Title Methodological issues in science and technology policy research :
Remainder of title technological capability /
Statement of responsibility, etc. Titus Adeboye and Norman Clark.
250 ## - EDITION STATEMENT
Edition statement 1st ed.
260 ## - PUBLICATION, DISTRIBUTION, ETC. (IMPRINT)
Place of publication, distribution, etc. Nairobi :
Name of publisher, distributor, etc. ATPS,
Date of publication, distribution, etc. 1995.
300 ## - PHYSICAL DESCRIPTION
Extent 24 p.
650 #0 - SUBJECT ADDED ENTRY--TOPICAL TERM
Topical term or geographic name as entry element Science
General subdivision Research
Geographic subdivision Africa, Sub-Saharan.
-- 0000168481
650 #0 - SUBJECT ADDED ENTRY--TOPICAL TERM
Topical term or geographic name as entry element Technology
General subdivision Research.
Geographic subdivision Africa, Sub-Saharan.
-- 0000168482
700 1# - ADDED ENTRY--PERSONAL NAME
Personal name Clark, Norman.
-- 0000150356
852 1# - LOCATION
-- p100 KES
908 ## - PUT COMMAND PARAMETER (RLIN)
Put command parameter 090217
950 ## - LOCAL HOLDINGS (RLIN)
-- 1
Holdings
Withdrawn status Lost status Source of classification or shelving scheme Not for loan Home library Current library Date acquired Total Checkouts Full call number Barcode Date last seen Price effective from Koha item type
    Library of Congress Classification   Kabarak, Main Campus Kabarak, Main Campus 17/12/2015   Q127 .A357A34 1995 c. 2 16642 17/12/2015 17/12/2015 General Collection
    Library of Congress Classification   Kabarak, Main Campus Kabarak, Main Campus 17/12/2015   Q127 .A357A34 1995 c. 1 16641 17/12/2015 17/12/2015 Africana Collection
Designed with assistance from East African Informatics Ltd